| 000 | 00970cam a2200325Ma 4500 | ||
|---|---|---|---|
| 001 | 95757 | ||
| 005 | 20230410130741.0 | ||
| 008 | 960701m19629999nyu u000 d spa d | ||
| 010 | _a62021767 | ||
| 035 | _a(OCoLC)ocm70458914 | ||
| 040 |
_aREDDC _cREDDC |
||
| 035 | _a(OCoLC)70458914 | ||
| 042 | _apremarc | ||
| 050 | 1 | 4 |
_aPN 6112 _bI14f 1962 |
| 082 | 0 | 0 | _a808.82 |
| 049 | _aGRAL | ||
| 100 | 1 | _aIbsen, Henrik | |
| 245 | 1 | 0 |
_aFour modern plays / _cHenrik Ibsen...[et al]. |
| 250 | _aRev. ed. | ||
| 260 |
_aNew York : _bHolt, Rinehart and Winston, _c1962- |
||
| 300 |
_a292 p.; _c19cm. |
||
| 440 |
_aRinehart Editions; _v90 / First Series |
||
| 505 | 0 | _aHedda Gabler/ Henrik Ibsen-- Pygmalion / Bernard Shaw-- The Emperor Jones / Eugene O'Neill-- The cherry orchard / Anton Chekhov. | |
| 650 | 0 |
_aDrama _xCollections. |
|
| 650 | 0 |
_aDrama _xColección |
|
| 650 | 4 | _aCFB | |
| 650 | 4 | _aColección Font Bernard | |
| 942 |
_2lcc _cbk |
||
| 946 | _almm | ||
| 999 |
_c79699 _d79699 |
||